| 000 | 00758nam a2200229 a 4500 | ||
|---|---|---|---|
| 005 | 20240925064627.0 | ||
| 008 | 991125s1984 mx 000 0 spa u | ||
| 020 | _a9688530166 | ||
| 035 | _aUPN01000149862 | ||
| 049 | _aCG | ||
| 050 | 4 |
_aBF698 _bH3.7 |
|
| 100 | 1 |
_aHall, Calvin S. _q(Calvin Springer), _d1909-1985 _928378 |
|
| 245 | 1 | 3 |
_aLa teoría factorial de la personalidad : _bCattell / _cCalvin S. Hall, Gardner Lindzey. |
| 260 |
_aMéxico : _bPaidós, _c1984. |
||
| 300 | _a82 p. | ||
| 440 | 0 |
_aPaidós psicología de la personalidad ; _v23 |
|
| 534 |
_pTítulo original: _tTheories of personality |
||
| 650 | 4 |
_aPersonalidad _97690 |
|
| 650 | 4 |
_aTeorías de la personalidad _920365 |
|
| 700 | 1 |
_aLindzey, Gardner _ecoaut. _929021 |
|
| 905 | _aLibro | ||
| 999 |
_c122003 _d122003 |
||